| 000 | 00865namaa22001691 4500 | ||
|---|---|---|---|
| 001 | 174054 | ||
| 003 | ES-MaACL | ||
| 005 | 20231204170725.0 | ||
| 008 | 100210s1909 sp r |||| | spa d | ||
| 100 | 1 |
_aCastro, Cristóbal de, _d1874-1953 _936843 |
|
| 245 | 1 | 0 |
_aGerineldo _b: poema de amor y caballeria, representable, en cuatro jornadas compuesto, en parte, con pasajes del romancero / _cpor Cristobal de Castro y Enrique López Alarcón. |
| 260 |
_aMadrid : _bSociedad de Autores Españoles, _c1909 ( _fAntonio Gascón) |
||
| 300 |
_a89 p. ; _c19 cm. |
||
| 700 | 0 |
_aLópez Alarcón, Enrique. _973383 |
|
| 852 |
_aES-MaACL _jF-8648(6) _z.- Enc. pasta española conservando la cub. original _z.- Enc. en un vol. facticio formando parte de la col. facticia "Teatro español moderno" v. 105 _z.- Dedicatoria manuscrita del autor |
||
| 999 |
_c174054 _d174054 |
||